000 02539nam a22001817a 4500
003 OSt
005 20220107122809.0
008 160315b xxu||||| |||| 00| 0 eng d
040 _c
100 _aS Mohamed Shathir Ali (92313014)
_98517
245 _aAssessment of soil salinity in Vedaranyam region using remote sensing
502 _bMaster of Science in Geoinformatics
_c2013-2015
_dEXT
_eRadhakrishnan T
_fR Nagarajan (Senior Scientist)
_g"M S Swaminathan Research Foundation, Tharamani"
520 _aThe land use as well as land cover is changing day by day because of human activities. In this study, there are mainly two things are focused such as land use land cover classification of remote sensing images and assessment of soil salinity using remote sensing. Salinity is one of the major problem affecting soil, plants, ground water tables and agricultural lands. According to NRSA / DOS project on ’Mapping of salt affected soils of India on 1:250,000 scale’, the area under salt affected soils in the country is 6.727 million hectares. The study was carried out in Vedaranyam region. Water salinity is usually measured by the TDS (total dissolved solids) or the EC (electric conductivity). TDS is sometimes referred to as the total salinity and is measured or expressed in parts per million (ppm) or in the equivalent units of milligrams per liter (mg/L).There were many methodologies have been discovered to detect soil salinity using Remote sensing and GIS such as NDVI (Normalized Difference Vegetation Index), Soil Adjusted Vegetation Index (SAVI), Salinity Index (SI) and Wetness Index (WI). The main objectives of this study is to check out the capability of remote sensing data and techniques in terms of mapping the land use and land cover classes and detecting soil salinity using different types of salinity indices. The land use land cover classification of the study area has been done using IRS LISS IV and Soil salinity is assessed using Land sat 8 OLI/TIRS. The land use land cover result gives an accurate classification of the study area. Also, the different soil salinity indices revealed a better visualization of saline affected land in the study area. In addition to that there has been made a comparison between supervised classification result, salinity index(SI) and Normalized Difference Salinity Index (NDSI) in order to find out the saline affected lands.
650 _aGEOGRAPHICAL INFORMATION SYSTEM
_98518
650 _aSOIL SALINITY
_98519
650 _aREMOTE SENSING
_98520
942 _2ddc
_cPR
999 _c4992
_d4992